| Tag |
First Indicator |
Second Indicator |
Subfields |
| LEADER |
00000cam a2200000 a 4500 |
| 001 |
in00000079827 |
| 005 |
20151008054020.0 |
| 008 |
750331s1974 enk b 00110 engm |
| 010 |
|
|
|a 75306923
|
| 015 |
|
|
|a GB***
|
| 020 |
|
|
|a 0710079664 :
|c 3.75
|
| 035 |
|
|
|a (OCoLC)01288775
|
| 035 |
|
|
|9 AAH9364AM
|
| 040 |
|
|
|a DLC
|c DLC
|d m.c.
|d TXA
|d UtOrBLW
|
| 049 |
|
|
|a TXAM
|c [1560938]
|
| 050 |
0 |
0 |
|a HX11.I5
|b J6 1974
|
| 082 |
0 |
|
|a 329/.072
|
| 100 |
1 |
|
|a Joll, James.
|
| 245 |
1 |
4 |
|a The Second International, 1889-1914 /
|c James Joll.
|
| 250 |
|
|
|a Rev. and extended ed.
|
| 264 |
|
1 |
|a London ;
|a Boston, Mass. :
|b Routledge & K. Paul,
|c 1974.
|
| 300 |
|
|
|a viii, 224 pages ;
|c 23 cm.
|
| 336 |
|
|
|a text
|b txt
|2 rdacontent
|
| 337 |
|
|
|a unmediated
|b n
|2 rdamedia
|
| 338 |
|
|
|a volume
|b nc
|2 rdacarrier
|
| 500 |
|
|
|a Includes index.
|
| 504 |
|
|
|a Bibliography: pages [209]-216.
|
| 611 |
2 |
0 |
|a International Socialist Congress.
|
| 999 |
|
|
|a MARS
|
| 999 |
f |
f |
|s a56de495-5410-34f3-9da8-159884086b56
|i b7bf8ef4-c403-3762-989f-204b685f7fcc
|t 0
|
| 952 |
f |
f |
|p ric
|a Texas A&M University
|b Rellis Campus
|c Joint Library Facility
|d Remote Storage
|t 0
|e HX11.I5 J6 1974
|h Library of Congress classification
|i unmediated -- volume
|m A14806147394
|
| 998 |
f |
f |
|a HX11.I5 J6 1974
|t 0
|l Remote Storage
|